|
|
|
|
| LEADER |
00000ny a22000003n 4500 |
| 005 |
2011053005135.0 |
| 008 |
040709s2004 sp fs 001 0 spa c |
| 017 |
|
|
|a D.L. SE.1527-2004
|
| 020 |
|
|
|a 8497723783
|
| 035 |
|
|
|a 647
|
| 040 |
|
|
|a SpMaUCDE
|d vLex
|
| 040 |
|
|
|a UMA.RE
|d vLex
|
| 080 |
|
|
|a 070:340
|
| 080 |
|
|
|a 340.12
|
| 080 |
|
|
|a 34:316
|
| 090 |
|
|
|c 370
|d 370
|
| 100 |
1 |
|
|a Carretero Sǹchez, Santiago
|
| 245 |
1 |
0 |
|a Sociologa̕ y prensa judicial
|h [Recurso electrn̤ico]
|c Santiago Carretero Sǹchez
|
| 256 |
|
|
|a Servicio en ln̕ea
|
| 260 |
|
|
|a Madrid [etc.] :
|b Universidad Rey Juan Carlos [etc.],
|c 2004
|
| 300 |
|
|
|a 174 p. ;
|c 24 cm
|
| 490 |
1 |
|
|a Ciencias jurd̕icas y sociales ;
|v 5
|
| 504 |
|
|
|a Bibliografa̕
|
| 506 |
1 |
|
|a Contenido solo disponible en los productos indicados
|d vLex Global
|d vLex Global (Academic Edition, excluding Law Schools)
|d vLex Global (U.S. Academic Edition, Law Schools)
|d vLex Global (U.S. Academic Edition, excluding Law Schools)
|d vLex Global (Academic Edition, Law Schools)
|
| 650 |
0 |
7 |
|a Telecomunicaciones
|2 Tesauro vLex
|
| 650 |
0 |
7 |
|a Ciencia del Derecho
|2 Tesauro vLex
|
| 710 |
2 |
|
|a Universidad Rey Juan Carlos (Madrid)
|
| 740 |
0 |
|
|a vLex Libros (Servicios en ln̕ea)
|
| 830 |
|
0 |
|a Ciencias jurd̕icas y sociales (Universidad Rey Juan Carlos)
|
| 856 |
4 |
0 |
|u http://vlex.com/source/647
|z Acceso restringido
|
| 942 |
|
|
|c BOOK
|
| 999 |
0 |
|
|a Telecommunication
|b Madrid
|